000 00606nam a2200169Ia 4500
008 090201s9999 xx 000 0 und d
010 _aKPL-53085
040 _bमराठी
041 _aमराठी
082 _a14006
_b53085
100 _aसेतुमाधवराव पगडी
245 _aसार्मथ्य आहे चळवळीचे
_cसेतुमाधवराव पगडी
260 _c2004
_bपरचुरे प्रकाशन
300 _a120
_bमोठा
600 _aसार्मथ्य आहे चळवळीचे
942 _cBOOK
999 _c214188
_d214188